header

Collectio Vaticana 1-32 (Record no. 103746)

MARC details
000 -LEADER
fixed length control field 01406nam a2200349 a 4500
245 00 - TITLE STATEMENT
Title Collectio Vaticana 1-32
260 ## - PUBLICATION, DISTRIBUTION, ETC. (IMPRINT)
Place of publication Berlin :
Name of publisher Walter de Gruyter & Co.,
Year of publication 1965.
300 ## - PHYSICAL DESCRIPTION
Number of Pages xxvi, 128 p.
490 0# - SERIES STATEMENT
Series statement Concilium universale Ephesenum. Volumen primum, Acta graeca ;
Series statement Acta conciliorum oecumenicorum ;
500 ## - GENERAL NOTE
General note Includes indexes.
General note "MDCCCCXXVII, Walter de Gruyter & Co. ... Berolini et Lipsiae."
General note Fotomechanischer Nachdruck.
650 #0 - SUBJECT ADDED ENTRY--TOPICAL TERM
Topical Term Councils and synods, Ecumenical.
700 1# - ADDED ENTRY--PERSONAL NAME
Personal name Schwartz, Eduardus.
856 40 - ELECTRONIC LOCATION AND ACCESS
Uniform Resource Identifier http://site.ebrary.com/lib/rucke/Doc?id=10588360

No items available.

© 2026 Rongo University
Contact us: librarian | system librarian | Rongo university